000
00291nam a22001337a 4500
008
190306b xxu||||| |||| 00| 0 eng d
020
_a
2740213206117
041
_a
eng
080
_2
5th
_a
316
100
_a
50
101
_a
SOC
245
_a
Women's Health
_c
Worcester, N
942
_2
udc
_c
BK
999
_c
54642
_d
54642